Представление документа в формате MARC21

Поле Инд. ПП Название Значение
Тип записи a
Библиографический уровень m
001 _ Контрольный номер RU/ЭБС IPR BOOKS/87081
005 Дата корректировки 20250915131019.4
008 Кодируемые данные 211122s2019 RU y f j 000 1 rus u
020 a ISBN 978-5-9758-1898-0
040 c Служба, преобразующая запись ЭБС IPR BOOKS
041 a Код языка текста rus
044 a Код страны публикации RU
080 a Индекс УДК 531.8
084 2 Источник индекса rubbk
a Индекс другой классификации/Индекс ББК 22.1
100 1_ a Автор Щербакова, Ю. В.
4 Код отношения 070
245 a Заглавие Теория вероятностей и математическая статистика
b Продолж. заглавия учебное пособие для спо
c Ответственность Ю. В. Щербакова
250 g 2022-08-31
a Основные сведения об издании Теория вероятностей и математическая статистика
256 a Характеристики компьютерного файла Электрон. дан. (1 файл)
260 a Место издания Саратов
b Издательство Научная книга
c Дата издания 2019
300 a Объем 159 с.
500 a Примечание Книга находится в премиум-версии ЭБС IPR BOOKS.
516 a Прим. о типе комп. файла/ данных Текст
520 a Аннотация В учебном пособии рассматриваются основные понятия теории вероятностей; свойства и законы математической статистики; случайные события, величины и функции. Издание структурировано в виде лекций, написано доступным языком и будет незаменимым помощником для тех, кто желает быстро подготовиться к экзамену. Пособие предназначено для изучения дисциплины «Теория вероятностей и математическая статистика» по специальностям среднего профессионального образования 09.02.04 «Информационные системы», 10.02.01 «Организация и технология защиты информации», 09.02.03 «Программирование в компьютерных системах» и др.
521 a Примеч. о целев. назн. Гарантированный срок размещения в ЭБС до 31.08.2022 (автопролонгация)
538 a Прим. о системных особенностях электронный
653 a Ключевые слова теория вероятностей
653 a Ключевые слова математическая статистика
653 a Ключевые слова вероятность гипотез
653 a Ключевые слова случайная величина
653 a Ключевые слова биномиальное распределение
653 a Ключевые слова математическое ожидание
856 4_ u URL http://www.iprbookshop.ru/87081.html
z Примечание для пользователя Участвует в КО